00685nam a22001575i 4500001000700000003000900007005001700016008004100033100002300074245019300097260008500290300002100375650002100396650001600417852009400433167231ES-MaACL20230906213500.0000104s1854 sp |||| | spa d1 aVerdú, Gregorio.10aNuevas minas de guerra y su aplicación a la defensa como consecuencia de un reciente descubrimiento para emplear la electricidad en la voladura de los hornillos / cpor Gregorio Verdú. aMadrid : b[s.n.], c1854 (fAguado, imp. de Cámara de S.M. y de su Real Casa) a79 p. ; c26 cm. 4aMinas militares. 4aExplosivos.4 aES-MaACLjT-45-F-2 z- Enc. hol., falto de cub. original z- Enc. en un vol. facticio